| 000 -NÁVESTIE |
| fixed length control field |
01535cam a2200445 4500 |
| 001 - EVIDENČNÉ ČÍSLO ZÁZNAMU - Kontrolné číslo |
| control field |
vtls011780039 |
| 005 - DÁTUM A ČAS POSLEDNEJ TRANSAKCIE |
| control field |
20221013130312.0 |
| 008 - ÚDAJE S PEVNOU DĹŽKOU – VŠEOBECNÉ INFORMÁCIE |
| fixed length control field |
210624s2018 xo er 010 fdslo |
| 020 ## - MEDZINÁRODNÉ ŠTANDARDNÉ ČÍSLO KNIHY (ISBN) |
| Medzinárodné štandardné číslo knihy (ISBN) |
9788081596025 |
| Qualifying information |
(viazané) |
| 035 ## - Iný štandardný identifikátor |
| Iný štandardný identifikátor |
urn:nbn:sk:snk-am00e933 |
| 035 ## - Iný štandardný identifikátor |
| Iný štandardný identifikátor |
urn:nbn:sk:snk-am3ig7d |
| 035 ## - Iný štandardný identifikátor |
| Iný štandardný identifikátor |
AC59CC90-FA49-4732-9171-B047C4DFFB89 |
| 040 ## - ZDROJ KATALOGIZÁCIE |
| Pôvodná katalogizujúca agentúra |
PPPK |
| Jazyk katalogizácie |
slo |
| Prepisujúca agentúra |
PPPK |
| Modifikujúca agentúra |
SNK |
| Konvencie popisu |
rda |
| 041 1# - KÓD JAZYKA |
| Kód jazyka textu/zvukovej stopy alebo samostatných nápisov |
slo |
| Kód jazyka originálu a/alebo sprostredkujúcich prekladov textu |
nor |
| 044 ## - KÓD KRAJINY VYDAVATEĽA/PRODUCENTA |
| Kód krajiny MARC |
xo |
| Kód krajiny ISO |
SK |
| 072 #7 - KÓD PREDMETOVEJ KATEGÓRIE |
| Kód predmetovej kategórie |
821.11 |
| Pododdiel kódu predmetovej kategórie |
Germánske literatúry |
| Zdroj |
konspekt |
| 080 ## - ČÍSLO MEDZINÁRODNÉHO DESATINNÉHO TRIEDENIA (MDT) |
| Číslo Medzinárodného desatinného triedenia (MDT) |
821.113.5-31 |
| Identifikátor vydania |
2011 |
| 080 ## - ČÍSLO MEDZINÁRODNÉHO DESATINNÉHO TRIEDENIA (MDT) |
| Číslo Medzinárodného desatinného triedenia (MDT) |
(0:82-312.4) |
| Identifikátor vydania |
2011 |
| 100 1# - OSOBNÉ MENÁ – VŠEOBECNÉ INFORMÁCIE |
| Osobné meno |
Brekke, Jørgen, |
| Dátumy súvisiace s menom |
1968- |
| Kód roly |
aut |
| -- |
3727 |
| 240 10 - UNIFIKOVANÝ NÁZOV |
| Unifikovaný názov |
Menneskets natur |
| Jazyk diela |
Slovensky |
| 245 10 - NÁZOV |
| Názov |
Čo je ľudské |
| Údaj o zodpovednosti atď. |
Jørgen Brekke ; z nórčiny preložila Zuzana Demjánová |
| 246 1# - INÁ FORMA NÁZVU |
| Zobrazovaný text |
Séria: |
| Hlavný názov/skrátený názov |
Inšpektor Singsaker |
| Číslo časti diela |
Tretí diel |
| 250 ## - ÚDAJ O PORADÍ VYDANIA |
| Údaj o poradí vydania |
Prvé vydanie |
| 264 #1 - VYDAVATEĽSKÉ ÚDAJE, DISTRIBÚCIA ATĎ. - RDA |
| Miesto publikovania, distribúcie atď. |
[Bratislava] |
| Názov vydavateľa, distibútora atď. |
Premedia |
| Dátum publikovania, distribúcie atď. |
2018 |
| 300 ## - FYZICKÝ POPIS |
| Rozsah |
252 strán |
| Rozmery |
21 cm |
| 336 ## - TYP OBSAHU |
| Typ obsahu - termín |
text |
| Typ obsahu - kód |
txt |
| Zdroj |
rdacontent |
| 337 ## - TYP MÉDIA |
| Typ média - termín |
bez média |
| Typ média - kód |
n |
| Zdroj |
rdamedia |
| 338 ## - TYP NOSIČA |
| Typ nosiča - termín |
zväzok |
| Typ nosiča - kód |
nc |
| Zdroj |
rdacarrier |
| 490 1# - EDÍCIA |
| Edícia |
Labyrint |
| Zväzok/sekvenčné označenie |
33. zväzok |
| 500 ## - VŠEOBECNÁ POZNÁMKA |
| Formátovaná poznámka o obsahu |
Vydavateľské údaje podľa NA ISBN |
| 500 ## - VŠEOBECNÁ POZNÁMKA |
| Formátovaná poznámka o obsahu |
Obsahuje biografické údaje o autorovi na prebale publikácie |
| 500 ## - VŠEOBECNÁ POZNÁMKA |
| Formátovaná poznámka o obsahu |
Údaje o sérii prevzaté z tiráže |
| 655 #7 - INDEXAČNÝ TERMÍN – ŽÁNER/FORMA |
| Údaje o žánri/forme alebo termín, ktorý je prvok fazety |
nórske romány |
| Zdroj termínu |
SNKPH |
| -- |
2134 |
| 655 #7 - INDEXAČNÝ TERMÍN – ŽÁNER/FORMA |
| Údaje o žánri/forme alebo termín, ktorý je prvok fazety |
detektívne romány |
| Zdroj termínu |
SNKPH |
| -- |
1710 |
| 655 #7 - INDEXAČNÝ TERMÍN – ŽÁNER/FORMA |
| Údaje o žánri/forme alebo termín, ktorý je prvok fazety |
Norwegian fiction |
| Zdroj termínu |
SNKPHeng |
| -- |
2136 |
| 655 #7 - INDEXAČNÝ TERMÍN – ŽÁNER/FORMA |
| Údaje o žánri/forme alebo termín, ktorý je prvok fazety |
Detective novels |
| Zdroj termínu |
SNKPHeng |
| -- |
1711 |
| 700 1# - PRIDANÝ VSTUP – OSOBNÉ MENO |
| Osobné meno |
Demjánová, Zuzana, |
| Dátumy súvisiace s menom |
1977 |
| Kód roly |
trl |
| -- |
3662 |
| 958 ## - Formálny deskriptor |
| Formálny deskriptor |
LX |
| 958 ## - Formálny deskriptor |
| Formálny deskriptor |
UP |